[Event "II Open A"]
[Site "Alba Adriatica ITA"]
[Date "2009.05.31"]
[Round "3"]
[White "Ljubisavljevic, Zivojin Z."]
[Black "Tribuiani, Renato"]
[Result "1-0"]
[WhiteElo "2278"]
[BlackElo "2078"]
[PlyCount "110"]
[EventDate "2009.05.30"]

1. d4 d5 2. c3 Nf6 3. Bf4 e6 4. e3 Bd6 5. Bxd6 cxd6 6. Nf3 O-O 7. Be2 b6 8. O-O
Ba6 9. Bxa6 Nxa6 10. a4 Qd7 11. Qe2 Qb7 12. Na3 Nc7 13. Nb5 Rfd8 14. Ne1 a6 15.
Nxc7 Qxc7 16. Nc2 Rdc8 17. Rfe1 Qc4 18. Qxc4 Rxc4 19. a5 b5 20. f3 Kf8 21. Nb4
Ke7 22. g4 Kd7 23. g5 Ng8 24. e4 Ne7 25. Re3 Nc6 26. Nxc6 Rxc6 27. exd5 Rc4 28.
dxe6+ fxe6 29. Rae1 Re8 30. Kg2 b4 31. f4 bxc3 32. bxc3 g6 33. Rb1 Rec8 34.
Rb7+ R8c7 35. Rxc7+ Rxc7 36. Kf3 d5 37. Ke2 Rb7 38. Kd3 Kd6 39. Rh3 Kc6 40. Re3
Kd6 41. Rh3 Kc6 42. Rh6 Kb5 43. h4 Rf7 44. h5 Rxf4 45. hxg6 hxg6 46. Rxg6 Rf3+
47. Kd2 Kc4 48. Rxe6 Rd3+ 49. Ke2 Rg3 50. Rc6+ Kb3 51. g6 Kc2 52. Kf2 Rg5 53.
Kf3 Kd3 54. Kf4 Rg1 55. Ke5 Rg5+ 1-0

[Event "II Open A"]
[Site "Alba Adriatica ITA"]
[Date "2009.05.31"]
[Round "3"]
[White "Marozzi, Giovanni"]
[Black "Luigini, Ottavio"]
[Result "0-1"]
[WhiteElo "2003"]
[BlackElo "2055"]
[PlyCount "96"]
[EventDate "2009.05.30"]

1. e4 e5 2. Nf3 Nc6 3. Bb5 Nd4 4. Nxd4 exd4 5. O-O Bc5 6. Bc4 d6 7. Re1 Ne7 8.
d3 O-O 9. Bg5 c6 10. Nd2 Be6 11. Bb3 a5 12. a4 Bb4 13. Bxe6 fxe6 14. Rf1 Qd7
15. Nc4 Bc5 16. Qg4 Ng6 17. f4 d5 18. f5 exf5 19. exf5 dxc4 20. Rae1 Rae8 21.
Rxe8 Rxe8 22. Qh5 Ne5 23. f6 g6 24. Qh6 Bf8 25. Qh4 Nf7 26. Bd2 cxd3 27. cxd3
Re2 28. Bf4 Qd5 29. Qg3 Qe6 30. Bc1 Bd6 31. Qh4 b6 32. Kh1 Qe5 33. Kg1 Qh5 34.
Qxh5 gxh5 35. h3 b5 36. b3 bxa4 37. bxa4 Ne5 38. Bh6 Kf7 39. Bf4 c5 40. Bg3 c4
41. Bxe5 Bxe5 42. dxc4 d3 43. Rd1 Bg3 44. Kf1 Rf2+ 45. Ke1 Rxg2+ 46. Kf1 Rf2+
47. Kg1 d2 48. c5 Re2 0-1

[Event "II Open A"]
[Site "Alba Adriatica ITA"]
[Date "2009.05.31"]
[Round "3"]
[White "Santurbano, Maria Vincenza"]
[Black "Di Martino, Antonio"]
[Result "1-0"]
[WhiteElo "1929"]
[BlackElo "1865"]
[PlyCount "103"]
[EventDate "2009.05.30"]

1. e4 e6 2. d4 d5 3. Nc3 dxe4 4. Nxe4 Nd7 5. Bc4 b6 6. Nf3 Be7 7. Nfg5 Bb7 8.
Nxf7 Kxf7 9. Qf3+ Ke8 10. Bxe6 Ngf6 11. Nxf6+ Bxf6 12. Qxb7 Bxd4 13. O-O Nc5
14. Qc6+ Ke7 15. Bg5+ Bf6 16. Bxf6+ Kxf6 17. Rad1 Nxe6 18. Rxd8 Raxd8 19. f4
Rd6 20. Qe4 Rhd8 21. Qe5+ Kf7 22. f5 Nd4 23. f6 gxf6 24. c3 Nc6 25. Qh5+ Kg7
26. h3 Rd2 27. Rf3 Ne5 28. Rg3+ Ng6 29. Qf5 R2d5 30. Qe6 R8d6 31. Qe7+ Kh6 32.
Qxc7 Rd7 33. Qc6 f5 34. Rf3 f4 35. h4 R5d6 36. Qe4 Rf6 37. c4 Rdf7 38. b4 Nxh4
39. Rh3 Kg5 40. g3 Ng6 41. Qf3 Rf5 42. Rh5+ Kf6 43. Rxf5+ Kxf5 44. Qd5+ Kf6 45.
c5 bxc5 46. bxc5 fxg3 47. Qd6+ Kf5 48. c6 Ne7 49. c7 Nc8 50. Qd5+ Kg6 51. Qe6+
Kg7 52. Qxc8 1-0

[Event "II Open A"]
[Site "Alba Adriatica ITA"]
[Date "2009.05.31"]
[Round "3"]
[White "Silvestri, Giorgio"]
[Black "Barnabei, Stefano"]
[Result "1-0"]
[WhiteElo "1838"]
[BlackElo "1742"]
[PlyCount "89"]
[EventDate "2009.05.30"]

1. Nf3 c5 2. c4 Nf6 3. e3 e6 4. Nc3 d6 5. d4 cxd4 6. exd4 Bd7 7. Bd3 Be7 8. O-O
O-O 9. d5 e5 10. b4 Bg4 11. Qc2 Bxf3 12. gxf3 h6 13. Kh1 Kh8 14. Be3 Ng8 15.
Rg1 Bf6 16. Ne4 Na6 17. Qd2 Nc7 18. Rg2 Ne8 19. Rag1 b6 20. Ng3 Bg5 21. Bxg5
Qxg5 22. Qe2 Qh4 23. Nf5 Qf6 24. Nxg7 Nxg7 25. Rxg7 Qxg7 26. Rxg7 Kxg7 27. c5
bxc5 28. bxc5 dxc5 29. Qxe5+ Nf6 30. d6 Rac8 31. Bf5 Rc6 32. Be4 Rcc8 33. d7
Rcd8 34. Bf5 Rh8 35. h4 Rhf8 36. h5 Rh8 37. a4 a5 38. Kg1 Rhf8 39. Qc3 Ra8 40.
Qxc5 Ng8 41. Be4 Rad8 42. Qf5 Nf6 43. Bc6 Ng8 44. Qxa5 Ne7 45. Qe5+ 1-0

[Event "II Open A"]
[Site "Alba Adriatica ITA"]
[Date "2009.06.01"]
[Round "4"]
[White "Antonelli, Alessandro"]
[Black "Martella, Antonio"]
[Result "0-1"]
[WhiteElo "1915"]
[BlackElo "1850"]
[PlyCount "80"]
[EventDate "2009.05.30"]

1. e4 e6 2. d3 d5 3. Nd2 dxe4 4. dxe4 Bc5 5. Ngf3 Nc6 6. Bb5 Nge7 7. O-O O-O 8.
c3 a6 9. Ba4 e5 10. h3 b5 11. Bc2 Ng6 12. Nb3 Bb6 13. Qe2 Qe7 14. Rd1 Bb7 15.
Bg5 f6 16. Be3 Nf4 17. Bxf4 exf4 18. Nbd4 Ne5 19. Bb3+ Kh8 20. Ne6 Rfe8 21.
Nxf4 Nxf3+ 22. gxf3 f5 23. Ng2 fxe4 24. fxe4 Bxe4 25. Re1 Qf6 26. Ne3 Bf3 27.
Qf1 Re5 28. Ng4 Rg5 29. Re6 Bxg4 30. Rxf6 Bxh3+ 31. Kh2 Bxf1 32. Rxb6 cxb6 33.
Rxf1 Rf8 34. Re1 Rxf2+ 35. Kh3 h5 36. Re6 Rf6 37. Re8+ Kh7 38. Bc2+ g6 39. Re7+
Kh6 40. Ra7 a5 0-1

[Event "II Open A"]
[Site "Alba Adriatica ITA"]
[Date "2009.06.01"]
[Round "4"]
[White "Barnabei, Stefano"]
[Black "Crippa, Mario"]
[Result "0-1"]
[WhiteElo "1742"]
[BlackElo "1840"]
[PlyCount "116"]
[EventDate "2009.05.30"]

1. e4 c5 2. Nf3 d6 3. d4 cxd4 4. Nxd4 Nf6 5. Nc3 a6 6. Be3 Nc6 7. Be2 g6 8. Qd2
Bg7 9. O-O O-O 10. h3 Bd7 11. Kh1 Rc8 12. f4 b5 13. a3 Qc7 14. Rac1 Na5 15. Nf3
Bc6 16. Bd3 Nc4 17. Bxc4 bxc4 18. e5 Nh5 19. Rf2 Rcd8 20. exd6 Rxd6 21. Qe1 Re6
22. Ng5 Rd6 23. Bc5 Rd7 24. Be3 Qb7 25. Rb1 Ng3+ 26. Kh2 Nf5 27. Nf3 Nxe3 28.
Qxe3 Bxf3 29. Rxf3 Rfd8 30. Rf2 Qb8 31. Qf3 Rd2 32. Nd1 c3 33. Rxd2 Rxd2 34.
Nxc3 Bxc3 35. Qxc3 Qxf4+ 36. Qg3 Qxg3+ 37. Kxg3 Rxc2 38. a4 Kf8 39. b4 Ke8 40.
b5 axb5 41. Rxb5 Rc4 42. Ra5 Kd7 43. Ra7+ Rc7 44. Ra8 Kc6 45. Rb8 Ra7 46. Rb4
e5 47. Kf3 f5 48. g4 Ra5 49. gxf5 gxf5 50. Rh4 Kd5 51. Rxh7 Rxa4 52. h4 Ra3+
53. Ke2 Ke4 54. h5 f4 55. Kf2 Ra2+ 56. Kg1 Kf3 57. h6 Ra6 58. Re7 Rg6+ 0-1

[Event "II Open A"]
[Site "Alba Adriatica ITA"]
[Date "2009.06.01"]
[Round "4"]
[White "D'Angelo, Angelo"]
[Black "Lalic, Bogdan"]
[Result "0-1"]
[WhiteElo "2249"]
[BlackElo "2508"]
[PlyCount "57"]
[EventDate "2009.05.30"]

1. e4 e5 2. Nf3 Nc6 3. Bb5 a6 4. Ba4 Nf6 5. O-O Be7 6. Re1 b5 7. Bb3 d6 8. c3
O-O 9. h3 Na5 10. Bc2 d5 11. exd5 e4 12. Ng5 Nxd5 13. Nxe4 f5 14. Ng3 f4 15.
Ne4 f3 16. gxf3 Nf4 17. d4 Bxh3 18. Kh2 Bc8 19. Rh1 Rb8 20. Nbd2 Rb6 21. Nf1
Ng6 22. Nfg3 Nh4 23. f4 Rg6 24. Be3 Bg4 25. Qd3 Bf3 26. Rhf1 Qc8 27. f5 Nxf5
28. Nd2 Nxe3 29. Nxf3 0-1

[Event "II Open A"]
[Site "Alba Adriatica ITA"]
[Date "2009.06.01"]
[Round "4"]
[White "Di Martino, Antonio"]
[Black "Di Lascio, Savino"]
[Result "1/2-1/2"]
[WhiteElo "1865"]
[BlackElo "1954"]
[PlyCount "150"]
[EventDate "2009.05.30"]

1. e4 c6 2. d4 d5 3. Nc3 dxe4 4. Nxe4 Nf6 5. Nxf6+ gxf6 6. Nf3 Bf5 7. Bd3 Nd7
8. Bxf5 Qa5+ 9. c3 Qxf5 10. Bd2 Rg8 11. g3 Nb6 12. Qe2 e6 13. Nh4 Qd5 14. O-O-O
Qa5 15. Kb1 Be7 16. Qf3 Qb5 17. Bc1 f5 18. Ng2 Nc4 19. Qd3 Bg5 20. b3 Nd6 21.
Qxb5 Nxb5 22. Kb2 Bf6 23. Bf4 O-O-O 24. Ne3 h5 25. Nc4 Be7 26. Rhe1 Bg5 27.
Bxg5 Rxg5 28. Ne5 Rg7 29. Nc4 Nc7 30. Kc2 Nd5 31. Ne3 Nf6 32. Re2 Ng4 33. Nxg4
hxg4 34. Rf1 Rh8 35. f3 Kd7 36. fxg4 fxg4 37. Kd3 Rh5 38. Rf4 Kd6 39. Ref2 f5
40. Re2 Rgh7 41. Rff2 b5 42. a4 bxa4 43. bxa4 a5 44. Kc4 Kd7 45. Rb2 R7h6 46.
Rfe2 Kc7 47. Re5 Rxh2 48. Rxh2 Rxh2 49. Rxe6 Rf2 50. Re5 Rf3 51. Rxa5 Rxg3 52.
Rxf5 Kb6 53. Rg5 Rg1 54. a5+ Ka6 55. Kc5 Rc1 56. c4 Kxa5 57. Rxg4 Ka6 58. Rg6
Kb7 59. Rg7+ Kc8 60. Rf7 Rc2 61. Rf6 Kb7 62. Rd6 Rc1 63. Rh6 Rc2 64. Rh7+ Kc8
65. Kxc6 Rxc4+ 66. Kd5 Rc1 67. Kd6 Rd1 68. d5 Rd2 69. Rc7+ Kd8 70. Rc5 Rh2 71.
Ra5 Rh6+ 72. Kc5 Kd7 73. Ra7+ Kd8 74. d6 Rh1 75. Ra5 Rh5+ 1/2-1/2

[Event "II Open A"]
[Site "Alba Adriatica ITA"]
[Date "2009.06.01"]
[Round "4"]
[White "Lauria, Amilcare"]
[Black "Ljubisavljevic, Zivojin Z."]
[Result "0-1"]
[WhiteElo "2139"]
[BlackElo "2278"]
[PlyCount "92"]
[EventDate "2009.05.30"]

1. e4 g6 2. d4 Bg7 3. Nf3 d6 4. c3 Nf6 5. Bd3 Nc6 6. O-O O-O 7. Bg5 h6 8. Bh4
e5 9. d5 Ne7 10. Bxf6 Bxf6 11. c4 Bg7 12. Nc3 g5 13. b4 Ng6 14. Rc1 a5 15. a3
axb4 16. axb4 g4 17. Nd2 h5 18. Ra1 Rxa1 19. Qxa1 Nf4 20. Qb1 Bh6 21. Nb3 Kh8
22. Ne2 h4 23. Nxf4 Bxf4 24. g3 Bh6 25. Qc2 Kg7 26. Qe2 Qg5 27. Rd1 Bd7 28. Ra1
Rg8 29. c5 Qh5 30. Ra2 f5 31. exf5 Bxf5 32. cxd6 cxd6 33. Rc2 Kf6 34. Be4 Bxe4
35. Qxe4 Qf5 36. Qxf5+ Kxf5 37. Rc7 h3 38. Rxb7 Ke4 39. Kf1 Kxd5 40. Ke2 Rc8
41. Rh7 Rc3 42. Na5 Bc1 43. Rg7 Bb2 44. Rxg4 Rc2+ 45. Kd3 Rxf2 46. Nc4 Bd4 0-1

[Event "II Open A"]
[Site "Alba Adriatica ITA"]
[Date "2009.06.01"]
[Round "4"]
[White "Luigini, Ottavio"]
[Black "Santurbano, Maria Vincenza"]
[Result "1-0"]
[WhiteElo "2055"]
[BlackElo "1929"]
[PlyCount "55"]
[EventDate "2009.05.30"]

1. c4 e5 2. Nc3 Nf6 3. Nf3 Nc6 4. g3 Bc5 5. Bg2 d5 6. cxd5 Nxd5 7. d3 O-O 8.
O-O Be6 9. Ng5 Nxc3 10. bxc3 Bg4 11. h3 Bc8 12. Rb1 Be7 13. Nf3 f5 14. Nd2 a5
15. Qa4 Kh8 16. Nc4 f4 17. Bd2 f3 18. Bxf3 Rxf3 19. exf3 Bxh3 20. Rfe1 Qxd3 21.
Be3 Qf5 22. Nd2 Rd8 23. Rxb7 Rxd2 24. Qxc6 Rd6 25. Rb8+ Bf8 26. Qe4 Qf7 27. Bc5
Bf5 28. Qa8 1-0

[Event "II Open A"]
[Site "Alba Adriatica ITA"]
[Date "2009.06.01"]
[Round "4"]
[White "Marozzi, Giovanni"]
[Black "Giacchetti, Lorenzo"]
[Result "1/2-1/2"]
[WhiteElo "2003"]
[BlackElo "1834"]
[PlyCount "113"]
[EventDate "2009.05.30"]

1. e4 c5 2. Nf3 Nc6 3. Bb5 g6 4. O-O Bg7 5. c3 Nf6 6. e5 Nd5 7. d4 cxd4 8. cxd4
Nc7 9. Bc4 d5 10. Be2 Bg4 11. Nbd2 O-O 12. h3 Bf5 13. Nb3 Nb4 14. Ne1 f6 15.
Bf4 Ne6 16. exf6 Bxf6 17. Be5 Rc8 18. a3 Bxe5 19. axb4 Bb8 20. Bg4 Qd6 21. g3
Qxb4 22. Bxf5 Rxf5 23. Nd3 Qb6 24. Ndc5 Nxc5 25. dxc5 Qf6 26. Kg2 Rf8 27. Qd4
Qxd4 28. Nxd4 R5f6 29. g4 e5 30. Nb5 a6 31. Nc3 Rd8 32. Rfd1 d4 33. Ne4 Rf4 34.
f3 h6 35. Rd3 Rdf8 36. Raa3 R4f7 37. Rab3 Rc8 38. Rb6 Rc6 39. Rxc6 bxc6 40. Rb3
Ba7 41. Ra3 Rb7 42. Rxa6 Rxb2+ 43. Kg3 Bb8 44. Rxc6 Kf7 45. Rf6+ Kg7 46. Ra6 d3
47. Ra1 Rc2 48. Rd1 Ba7 49. Rxd3 Bxc5 50. Rd7+ Kf8 51. h4 Be3 52. f4 Bxf4+ 53.
Kf3 Rh2 54. Nf6 Rxh4 55. Nh7+ Ke8 56. Nf6+ Kf8 57. Nh7+ 1/2-1/2

[Event "II Open A"]
[Site "Alba Adriatica ITA"]
[Date "2009.06.01"]
[Round "4"]
[White "Mrdja, Milan"]
[Black "Celli, Dario"]
[Result "1-0"]
[WhiteElo "2431"]
[BlackElo "2108"]
[PlyCount "37"]
[EventDate "2009.05.30"]

1. e4 c6 2. d4 d5 3. Nd2 dxe4 4. Nxe4 Nd7 5. Nf3 Ngf6 6. Nxf6+ Nxf6 7. Ne5 Bf5
8. c3 e6 9. g4 Bg6 10. h4 h5 11. Nxg6 fxg6 12. Bd3 Qd5 13. Bxg6+ Kd7 14. Rg1
Nxg4 15. f3 Nf6 16. Qe2 Be7 17. Bf4 Raf8 18. Rg5 e5 19. dxe5 1-0

[Event "II Open A"]
[Site "Alba Adriatica ITA"]
[Date "2009.06.01"]
[Round "4"]
[White "Pierantozzi, Stanislao"]
[Black "Piscitelli, Vito"]
[Result "0-1"]
[WhiteElo "1950"]
[BlackElo "2047"]
[PlyCount "108"]
[EventDate "2009.05.30"]

1. d4 d5 2. c4 e6 3. Nf3 Nf6 4. Bg5 Nbd7 5. Nc3 c6 6. e3 Qa5 7. Bf4 Bb4 8. Qc2
Ne4 9. Rc1 Qxa2 10. Bd3 Nxc3 11. bxc3 Qxc2 12. Rxc2 Be7 13. O-O O-O 14. Ra1
dxc4 15. Bxc4 a6 16. Bd3 c5 17. Rb2 Nf6 18. c4 cxd4 19. exd4 Rd8 20. Be2 h6 21.
h3 Bd6 22. Be3 Bc7 23. Nd2 Rb8 24. Rab1 b6 25. Nb3 Ne4 26. Bf3 Nd6 27. Be2 Nf5
28. Bf3 Kf8 29. Na5 Bd7 30. Nc6 Bxc6 31. Bxc6 Nxd4 32. Ba4 e5 33. Bd1 Nf5 34.
Bd2 Kg8 35. Bf3 Nd6 36. Be2 Ne4 37. Be1 Nc5 38. Bf1 e4 39. Bd2 Be5 40. Ra2 Bd4
41. Bf4 Rb7 42. Bc1 Rc8 43. Rd2 Nd3 44. Rc2 Rbc7 45. Be3 Bxe3 46. fxe3 b5 47.
Be2 Rxc4 48. Rd2 Rc1+ 49. Rd1 Rxb1 50. Rxb1 b4 51. Kf1 b3 52. Bxd3 exd3 53.
Rxb3 Rc1+ 54. Kf2 d2 0-1

[Event "II Open A"]
[Site "Alba Adriatica ITA"]
[Date "2009.06.01"]
[Round "4"]
[White "Scipioni, Gaetano"]
[Black "Lantini, Marco"]
[Result "1/2-1/2"]
[WhiteElo "2060"]
[BlackElo "2204"]
[PlyCount "96"]
[EventDate "2009.05.30"]

1. d4 Nf6 2. Bf4 b6 3. Nf3 Bb7 4. e3 Nh5 5. Bg3 Nxg3 6. hxg3 g6 7. Bd3 Bg7 8.
Nbd2 c5 9. c3 d5 10. Qe2 O-O 11. O-O a5 12. Rad1 Qc7 13. dxc5 bxc5 14. e4 e6
15. exd5 exd5 16. Bb5 a4 17. Nb1 Nd7 18. Qe7 Bc6 19. Bxc6 Qxc6 20. Rfe1 Nf6 21.
Ne5 Qb5 22. Nd3 Rae8 23. Na3 Qa6 24. Qxc5 Rxe1+ 25. Nxe1 Qe2 26. Rb1 Ne4 27.
Qe3 Qxe3 28. fxe3 Nxg3 29. Nac2 Rb8 30. Nb4 a3 31. bxa3 Bxc3 32. Nec2 d4 33.
exd4 Ne2+ 34. Kf1 Nxd4 35. Nxd4 Bxd4 36. Rb3 Ra8 37. Ke2 Bc5 38. Kd3 Bf8 39.
Kc4 Ra5 40. Nc2 Kg7 41. Rb5 Ra8 42. Kb3 h5 43. a4 Kf6 44. a5 g5 45. Ne3 h4 46.
Ng4+ Kg6 47. Ne5+ Kf6 48. Nd7+ Kg6 1/2-1/2

[Event "II Open A"]
[Site "Alba Adriatica ITA"]
[Date "2009.06.01"]
[Round "4"]
[White "Tribuiani, Renato"]
[Black "Silvestri, Giorgio"]
[Result "1-0"]
[WhiteElo "2078"]
[BlackElo "1838"]
[PlyCount "51"]
[EventDate "2009.05.30"]

1. e4 e6 2. d4 d5 3. e5 c5 4. Nf3 Nc6 5. Bd3 cxd4 6. O-O Qc7 7. Re1 Bd7 8. a3
Nge7 9. Bf4 Qb6 10. b4 Ng6 11. Bg3 a6 12. h4 f6 13. Nbd2 Qd8 14. Nb3 b6 15.
Nbxd4 Nxd4 16. Nxd4 f5 17. h5 Nh4 18. Qe2 g5 19. Bxh4 gxh4 20. Bxf5 exf5 21. e6
Bb5 22. Qe5 Rg8 23. e7 Bxe7 24. Nxf5 Kf8 25. Nxe7 Rg7 26. Qf6+ 1-0

[Event "II Open A"]
[Site "Alba Adriatica ITA"]
[Date "2009.06.02"]
[Round "5"]
[White "Barnabei, Stefano"]
[Black "Marozzi, Giovanni"]
[Result "0-1"]
[WhiteElo "1742"]
[BlackElo "2003"]
[PlyCount "136"]
[EventDate "2009.05.30"]

1. e4 e5 2. Nf3 Nf6 3. d3 Nc6 4. Nc3 Bc5 5. h3 h6 6. Be2 d6 7. O-O Be6 8. Bd2
Qd7 9. Kh2 O-O-O 10. Ng1 g5 11. a3 a5 12. Na4 Ba7 13. b4 Nd4 14. Nb2 a4 15. c4
b5 16. cxb5 Bb3 17. Qc1 Qxb5 18. Be3 d5 19. Bxd4 Bxd4 20. Rb1 Rd6 21. Qd2 dxe4
22. dxe4 Qb6 23. Bf3 Rhd8 24. Rbc1 Qb7 25. Qe2 Kb8 26. Nc4 Bxc4 27. Rxc4 Bb6
28. Qb2 Rd4 29. Qc2 Qa7 30. Rc6 R8d6 31. Rxd6 Rxd6 32. Bd1 Qa6 33. Be2 Qa8 34.
f3 c6 35. Bc4 Qa7 36. Qa2 Rd7 37. Qc2 Ne8 38. Be2 Kb7 39. Bd1 Rd8 40. Qxa4 Qxa4
41. Bxa4 Ra8 42. Bb3 Rxa3 43. Bxf7 Nd6 44. Bg8 Bd4 45. Ne2 Be3 46. Rd1 Kc7 47.
Be6 h5 48. Re1 h4 49. Kh1 Bd2 50. Rb1 Re3 51. Ng1 Be1 52. Rb2 Bg3 53. Rb1 Nb5
54. Rc1 Kb6 55. Bd7 Nd4 56. Be8 Rb3 57. Bf7 Rxb4 58. Ba2 c5 59. Bb1 Rb3 60. Ba2
Rb2 61. Bc4 Ka5 62. Bd3 Rd2 63. Bf1 Kb4 64. Ba6 Kb3 65. Rf1 c4 66. Rb1+ Kc2 67.
Rf1 c3 68. Bc4 Kb2 0-1

[Event "II Open A"]
[Site "Alba Adriatica ITA"]
[Date "2009.06.02"]
[Round "5"]
[White "Di Lascio, Savino"]
[Black "Antonelli, Alessandro"]
[Result "1-0"]
[WhiteElo "1954"]
[BlackElo "1915"]
[PlyCount "105"]
[EventDate "2009.05.30"]

1. Nf3 Nf6 2. g3 g6 3. b4 Bg7 4. Bb2 O-O 5. Bg2 c6 6. c4 a5 7. a3 axb4 8. axb4
Rxa1 9. Bxa1 Qb6 10. Bc3 Ne4 11. O-O Nxc3 12. dxc3 d6 13. Qc2 Be6 14. Nbd2 Qa6
15. Qd3 Qa3 16. Nd4 Bd7 17. N2b3 Qa6 18. Ra1 Qb6 19. c5 Qc7 20. Ra7 d5 21. b5
e5 22. Nxc6 Bxc6 23. bxc6 Nxc6 24. Ra4 d4 25. c4 Rb8 26. Bd5 b6 27. Qf3 Nd8 28.
Rb4 bxc5 29. Rxb8 Qxb8 30. Nxc5 Qc7 31. Ne4 Ne6 32. h4 Qb6 33. Kg2 Qa7 34. h5
d3 35. hxg6 hxg6 36. Qxd3 Kf8 37. Bxe6 fxe6 38. Qf3+ Kg8 39. c5 Bf8 40. Qf6
Bxc5 41. Qxg6+ Kh8 42. Qh6+ Kg8 43. Qxe6+ Kh7 44. Qf5+ Kg8 45. Qc8+ Bf8 46.
Qe6+ Qf7 47. Qxe5 Be7 48. f4 Qh7 49. Ng5 Bxg5 50. Qxg5+ Kf7 51. Qd5+ Kf6 52.
Qe5+ Kg6 53. Qe4+ 1-0

[Event "II Open A"]
[Site "Alba Adriatica ITA"]
[Date "2009.06.02"]
[Round "5"]
[White "Giacchetti, Lorenzo"]
[Black "Crippa, Mario"]
[Result "1/2-1/2"]
[WhiteElo "1834"]
[BlackElo "1840"]
[PlyCount "60"]
[EventDate "2009.05.30"]

1. e4 c5 2. Nf3 d6 3. d4 cxd4 4. Nxd4 Nf6 5. Nc3 a6 6. Be3 Nc6 7. Be2 g6 8. Qd2
Bg7 9. f3 Bd7 10. g4 Rc8 11. h4 Ne5 12. h5 Nc4 13. Bxc4 Rxc4 14. h6 Bf8 15. Nb3
Qc8 16. a3 Be6 17. Nd4 Bd7 18. Nde2 Rg8 19. Nf4 e5 20. Nfd5 Nxd5 21. exd5 f5
22. g5 f4 23. Bb6 Bf5 24. O-O-O Be7 25. Rhg1 Kf7 26. Rde1 Bd8 27. Bxd8 Rxd8 28.
Ne4 Bxe4 29. Rxe4 Rd7 30. Rge1 Rdc7 1/2-1/2

[Event "II Open A"]
[Site "Alba Adriatica ITA"]
[Date "2009.06.02"]
[Round "5"]
[White "Lantini, Marco"]
[Black "Luigini, Ottavio"]
[Result "0-1"]
[WhiteElo "2204"]
[BlackElo "2055"]
[PlyCount "100"]
[EventDate "2009.05.30"]

1. d4 Nf6 2. c4 g6 3. Nc3 d5 4. cxd5 Nxd5 5. Bd2 Bg7 6. e4 Nxc3 7. Bxc3 O-O 8.
Qd2 Nd7 9. Nf3 c6 10. Bd3 e5 11. Nxe5 Nxe5 12. dxe5 Qc7 13. f4 Rd8 14. Qe3 b6
15. O-O a5 16. Rad1 Bf8 17. Qg3 b5 18. b3 b4 19. Bb2 Rxd3 20. Qxd3 Ba6 21. Qd4
Bxf1 22. Kxf1 Qa7 23. Qxa7 Rxa7 24. Rd8 c5 25. f5 c4 26. bxc4 a4 27. Bc1 h6 28.
Bxh6 b3 29. Bxf8 bxa2 30. Ba3+ Kh7 31. Rd1 Rb7 32. e6 Rb1 33. exf7 Rxd1+ 34.
Ke2 a1=Q 35. f8=Q Re1+ 36. Kf2 Rf1+ 37. Kg3 Qe1+ 38. Kh3 Qe3+ 39. g3 Qh6+ 40.
Kg2 Qxf8 41. Bxf8 Rc1 42. f6 Kg8 43. Bd6 Rxc4 44. e5 Kf7 45. Kf2 Rc3 46. Ke2 a3
47. Kd2 a2 48. Kxc3 a1=Q+ 49. Kb4 Qb2+ 50. Kc5 Qxh2 0-1

[Event "II Open A"]
[Site "Alba Adriatica ITA"]
[Date "2009.06.02"]
[Round "5"]
[White "Martella, Antonio"]
[Black "Scipioni, Gaetano"]
[Result "0-1"]
[WhiteElo "1850"]
[BlackElo "2060"]
[PlyCount "114"]
[EventDate "2009.05.30"]

1. d4 d5 2. Nf3 c6 3. c3 Nf6 4. Bf4 Bf5 5. Qb3 Qb6 6. Nbd2 e6 7. h3 h6 8. e3
Be7 9. Be2 O-O 10. O-O c5 11. dxc5 Bxc5 12. Nd4 Bh7 13. Qxb6 Bxb6 14. Rac1 Nbd7
15. N2f3 a6 16. Nb3 Rac8 17. Ne5 Nxe5 18. Bxe5 Ne4 19. c4 dxc4 20. Bxc4 Rfd8
21. Be2 Bg6 22. Rxc8 Rxc8 23. Rc1 Rxc1+ 24. Nxc1 h5 25. Bf3 h4 26. Ne2 Ba5 27.
Nc3 Nxc3 28. Bxc3 Bxc3 29. bxc3 b6 30. Kf1 Kf8 31. Ke2 Ke7 32. e4 Kd6 33. Kd3
Ke5 34. g3 f5 35. exf5 Bxf5+ 36. Kc4 hxg3 37. fxg3 Bxh3 38. Kb4 Bf1 39. Bb7 a5+
40. Kb3 Kd6 41. Kc2 Bc4 42. a3 Ke5 43. Kd2 Kf5 44. Ke3 Ke5 45. Bc6 Kd6 46. Be8
Kc5 47. Ba4 Bd5 48. Be8 Kc4 49. Kd2 Kb3 50. a4 Bc4 51. Bd7 e5 52. Bc6 Ka3 53.
Ke3 Bb3 54. Ke4 Bxa4 55. Bd5 Bb3 56. Bc6 Kb2 57. Kxe5 Kxc3 0-1

[Event "II Open A"]
[Site "Alba Adriatica ITA"]
[Date "2009.06.02"]
[Round "5"]
[White "Pierantozzi, Stanislao"]
[Black "Lauria, Amilcare"]
[Result "0-1"]
[WhiteElo "1950"]
[BlackElo "2139"]
[PlyCount "76"]
[EventDate "2009.05.30"]

1. d4 g6 2. c4 Bg7 3. Nf3 d6 4. Nc3 Nf6 5. e4 O-O 6. Be2 e5 7. Be3 Nc6 8. O-O
Ng4 9. Bg5 f6 10. Bh4 exd4 11. Nxd4 Nge5 12. f4 Nxd4 13. Qxd4 Nc6 14. Qd5+ Kh8
15. Rad1 Qe8 16. Qd2 f5 17. exf5 Bxf5 18. Bf2 Qf7 19. a3 Rae8 20. b4 h5 21. Nd5
a6 22. Bf3 Bg4 23. Be3 Bxf3 24. Rxf3 Re4 25. b5 axb5 26. cxb5 Nd4 27. Nb4 Nxf3+
28. gxf3 Re6 29. Nd5 c6 30. bxc6 bxc6 31. Nb4 Rfe8 32. Nc2 Qb7 33. Qd3 c5 34.
f5 Rxe3 35. Nxe3 Qxf3 36. Ng2 Bd4+ 37. Kh1 Re1+ 38. Rxe1 Qxd3 0-1

[Event "II Open A"]
[Site "Alba Adriatica ITA"]
[Date "2009.06.02"]
[Round "5"]
[White "Piscitelli, Vito"]
[Black "Mrdja, Milan"]
[Result "0-1"]
[WhiteElo "2047"]
[BlackElo "2431"]
[PlyCount "100"]
[EventDate "2009.05.30"]

1. e4 c5 2. Nc3 Nc6 3. f4 g6 4. Nf3 Bg7 5. Bc4 e6 6. O-O Nge7 7. e5 d5 8. exd6
Nf5 9. a3 O-O 10. d3 b6 11. Qe1 Bb7 12. Ne5 Qxd6 13. Ne4 Qd4+ 14. Kh1 Nxe5 15.
fxe5 Bxe4 16. Qxe4 Bxe5 17. c3 Qxe4 18. dxe4 Nd6 19. Bd3 Kg7 20. Be3 Rad8 21.
Rad1 f6 22. g3 Rd7 23. Kg2 Rfd8 24. Bc2 Kf7 25. Kf3 h5 26. h3 g5 27. g4 h4 28.
Ke2 Ke7 29. Bc1 Nf7 30. Rxd7+ Rxd7 31. Rd1 Rxd1 32. Kxd1 Bf4 33. b3 Bxc1 34.
Kxc1 Ne5 35. Kd1 Ng6 36. Bd3 Kd6 37. Kd2 Ke5 38. Ke3 Nf4 39. Bf1 a5 40. a4 f5
41. exf5 exf5 42. gxf5 Kxf5 43. Kf3 Nd5 44. Bd3+ Kf6 45. c4 Nf4 46. Bf1 Kf5 47.
Ke3 g4 48. hxg4+ Kxg4 49. Ke4 Kg3 50. Ke5 Ng2 0-1

[Event "II Open A"]
[Site "Alba Adriatica ITA"]
[Date "2009.06.02"]
[Round "5"]
[White "Santurbano, Maria Vincenza"]
[Black "Tribuiani, Renato"]
[Result "1-0"]
[WhiteElo "1929"]
[BlackElo "2078"]
[PlyCount "73"]
[EventDate "2009.05.30"]

1. e4 Nc6 2. d4 d5 3. e5 Bf5 4. Nf3 f6 5. Nh4 Qd7 6. Nxf5 Qxf5 7. Bd3 Qe6 8.
Qh5+ g6 9. Bxg6+ hxg6 10. Qxh8 Nxd4 11. Na3 O-O-O 12. Be3 Nf5 13. Qh3 d4 14.
Bf4 Bh6 15. Bxh6 Qxe5+ 16. Be3 dxe3 17. O-O Qxb2 18. Nc4 exf2+ 19. Kh1 Qd4 20.
Na5 e5 21. Rab1 e4 22. Nxb7 Rd5 23. Qg4 Nge7 24. Rbd1 Qc4 25. Rb1 Rb5 26. Qd1
Ng3+ 27. hxg3 Rh5+ 28. Qxh5 gxh5 29. Rxf2 f5 30. Rd2 Nd5 31. Rbd1 Nc3 32. Na5
Qg8 33. Nc6 Qxg3 34. Ne7+ Kb7 35. Nxf5 Qg5 36. Nd4 Nxd1 37. Rxd1 1-0

[Event "II Open A"]
[Site "Alba Adriatica ITA"]
[Date "2009.06.02"]
[Round "5"]
[White "Silvestri, Giorgio"]
[Black "Di Martino, Antonio"]
[Result "1-0"]
[WhiteElo "1838"]
[BlackElo "1865"]
[PlyCount "71"]
[EventDate "2009.05.30"]

1. Nf3 d5 2. c4 e6 3. e3 Nf6 4. Nc3 Be7 5. Be2 O-O 6. O-O dxc4 7. Bxc4 Nbd7 8.
d4 a6 9. a4 b6 10. Qc2 Bb7 11. e4 c5 12. d5 exd5 13. exd5 Qc7 14. Bg5 h6 15.
Bh4 Rfd8 16. Bg3 Bd6 17. Nh4 Bxg3 18. fxg3 Ne5 19. Nf5 Nxc4 20. Nxh6+ gxh6 21.
Rxf6 Qe5 22. Raf1 Qd4+ 23. R1f2 Ne3 24. Qb1 Bxd5 25. h3 Bb3 26. Kh2 Rd6 27.
Rxd6 Qxd6 28. Ne4 Qg6 29. Qd3 Nd5 30. Nf6+ Nxf6 31. Qxb3 Ne4 32. Rf4 h5 33. Qf3
Re8 34. Rf5 Ng5 35. Qd5 Re6 36. Rxg5 1-0

[Event "II Open A"]
[Site "Alba Adriatica ITA"]
[Date "2009.06.02"]
[Round "6"]
[White "Antonelli, Alessandro"]
[Black "Silvestri, Giorgio"]
[Result "1-0"]
[WhiteElo "1915"]
[BlackElo "1838"]
[PlyCount "77"]
[EventDate "2009.05.30"]

1. e4 e6 2. d3 d5 3. Nd2 Nf6 4. Ngf3 c5 5. g3 Nc6 6. Bg2 Bd6 7. O-O Qc7 8. c3
Bd7 9. Re1 dxe4 10. dxe4 b5 11. Qe2 e5 12. Nf1 O-O 13. Bg5 Ne7 14. Rad1 Bc6 15.
Bxf6 gxf6 16. Nh4 f5 17. exf5 f6 18. Bxc6 Qxc6 19. Rd2 c4 20. Red1 Bc5 21. Rd7
Rf7 22. Ne3 Qe4 23. Qg4+ Qxg4 24. Nxg4 Kg7 25. Rc7 Bb6 26. Rb7 h5 27. Ne3 e4
28. Rdd7 Bxe3 29. Rxe7 Bxf2+ 30. Kxf2 Rxe7 31. Rxe7+ Kh8 32. Rxe4 a5 33. Nf3 b4
34. Rxc4 bxc3 35. Rxc3 a4 36. Rd3 Rc8 37. b3 Rc2+ 38. Rd2 axb3 39. axb3 1-0